000 00302nam a2200133Ia 4500
008 220613s9999||||xx |||||||||||||| ||und||
100 _aKuvalyananda Swami
245 0 _aAsana
250 _a1st(1933)Reprint(2012)
260 _bKaivalyadhama Lonavia
300 _a188
650 _aYoga
942 _cGB
999 _c11142
_d11142